000 04852nam a2200313 4500
003 NALT
005 20251120143621.0
008 250723b th ||||| |||| 00| 0 tha d
040 _aNALT
086 _aสผ 17 7.3 650 2567
110 2 _aสำนักงานเลขาธิการสภาผู้แทนราษฎร.
_bสำนักกรรมาธิการ 1.
_bกลุ่มงานคณะกรรมาธิการการพัฒนาเศรษฐกิจ
_960837
245 1 0 _aรายงานผลการพิจารณาศึกษา เรื่อง การเสริมสร้างความเข้มแข็งให้ผู้ประกอบการขนาดกลางและขนาดย่อม (SMEs) ของ คณะกรรมาธิการการพัฒนาเศรษฐกิจ สภาผู้แทนราษฎร /
_cกลุ่มงานคณะกรรมาธิการการพัฒนาเศรษฐกิจ สำนักกรรมาธิการ 1 สำนักงานเลขาธิการสภาผู้แทนราษฎร.
260 _aกรุงเทพฯ :
_bกลุ่มงานคณะกรรมาธิการการพัฒนาเศรษฐกิจ สำนักกรรมาธิการ 1 สำนักงานเลขาธิการสภาผู้แทนราษฎร,
_c2567.
300 _a182 หน้า :
_bตาราง, แผนภูมิ ;
_c29 ซม.
505 0 _aบทที่ 1 บทนำ -- 1.1 ความเป็นมาและความสำคัญของปัญหา -- 1.2 วัตถุประสงค์ของการศึกษา -- 1.3 ขอบเขตการศึกษา -- 1.4 วิธีการศึกษา -- 1.5 ระยะเวลาในการศึกษา -- 1.6 ประโยชน์ที่คาดว่าจะได้รับ -- บทที่ 2 ผลการรวบรวมข้อมูลการพิจารณาศึกษา -- 2.1 การประชุมคณะอนุกรรมาธิการ -- 2.2 ข้อมูลจากหน่วยงานหรือบุคคลต่าง ๆ ที่นำเสนอต่อคณะอนุกรรมาธิการ -- บทที่ 3 ผลการศึกษา -- 3.1 ภาพรวมทางเศรษฐกิจของ SMEs ในประเทศไทย -- 3.1.1 นิยาม SMEs -- 3.1.2 มูลค่าผลิตภัณฑ์มวลรวม (GDP) -- 3.1.3 การจ้างงานในธุรกิจ SMEs -- 3.2 การส่งเสริม SMEs ในประเทศไทย -- 3.3 สภาพปัญหาของ SMEs ในประเทศไทย -- 3.3.1 ปัญหาด้านการเงิน สภาพคล่อง และการเข้าถึงแหล่งเงินทุน -- 3.3.2 ปัญหาด้านแรงงาน -- 3.3.3 ปัญหาด้านภาษี -- 3.3.4 ปัญหาข้อจำกัดของกฎหมาย -- 3.3.5 ปัญหาด้านอำนาจหน้าที่ของหน่วยงานกำกับดูแล -- บทที่ 4 บทสรุป ข้อสังเกต และข้อเสนอแนะของคณะกรรมาธิการ -- 4.1 บทสรุป -- 4.2 ข้อสังเกตุ -- 4.3 ข้อเสนอแนะ -- 4.3.1 ข้อเสนอแนะเชิงกฎหมาย -- 4.3.2 ข้อเสนอแนะเชิงนโยบาย.
610 2 4 _aคณะกรรมาธิการการพัฒนาเศรษฐกิจ สภาผู้แทนราษฎร
_xรายงาน
_966659
650 4 _aวิสาหกิจขนาดกลางและขนาดย่อม
_910670
650 4 _aธุรกิจขนาดกลาง
_xการจัดการ
_966660
650 4 _aธุรกิจขนาดย่อม
_xการจัดการ
_922999
653 4 _aSMEs
710 2 _aคณะกรรมาธิการการพัฒนาเศรษฐกิจ สภาผู้แทนราษฎร
_961280
850 _aNALT
856 4 0 _uhttps://prt.parliament.go.th/items/ba2c55dd-f2fd-43ba-a995-c50b7e044df7
942 _cPAR
_2local
996 _anapasorn.k
_bLIBSTF
_c2025-07-23
996 _ajamriang.p
_bCATSTF
_c2025-10-06
999 _c107016
_d107016
998 _j1030
_k นางสาวจิดาภา ทับเกษมปิติโสภา